|
|
|
|
| LEADER |
00000cam a2200000 a 4500 |
| 001 |
vtls008329895 |
| 003 |
SK-MaSNL |
| 005 |
20260301143145.0 |
| 008 |
240313s1975 xo oa 000 0 slo |
| 015 |
|
|
|a SNBA1975/04-01065
|
| 035 |
|
|
|a SK01SNK19750022112
|
| 035 |
|
|
|a SKM000024575
|
| 040 |
|
|
|a SNK
|b slo
|c SNK
|e AACR2
|
| 041 |
0 |
|
|a slo
|
| 044 |
|
|
|a xo
|c SK
|
| 080 |
|
|
|a 621.791
|2 1981
|
| 100 |
1 |
|
|a Lipa, Milan,
|d 1926-
|4 aut
|9 186280
|
| 245 |
1 |
0 |
|a Technológia odporového zvárania
|b ...určené pre prac. Výskumného ústavu zváračského a Slov. zváračskej spoločnosti SVTS
|c Milan Lipa
|
| 250 |
|
|
|a 1. vyd.
|
| 260 |
|
|
|a Bratislava
|b SVTS
|c 1975
|
| 300 |
|
|
|a 111, [1] s.
|b fotogr., sch., tab.
|c 4°
|
| 366 |
|
|
|e 530 výt.
|
| 504 |
|
|
|a Bibliogr.
|
| 650 |
0 |
7 |
|a odporové zváranie
|2 SNKPH
|9 50960
|
| 655 |
|
7 |
|a výskumné správy
|2 SNKPH
|9 70491
|
| 958 |
|
|
|a OND
|
| 958 |
|
|
|a RM
|
| 958 |
|
|
|a RK
|
| 958 |
|
|
|a NB
|
| 999 |
|
|
|c 772788
|d 774718
|
| 952 |
|
|
|a SNK
|b SNK
|y PREZ
|7 0
|p 17A0923774
|o snkSB 22053
|i snkKSP 3271/75
|0 0
|1 0
|4 0
|d 2014-06-05
|f 1
|l 0
|r 2025-03-26 00:00:00
|w 2026-02-24
|